000 00667nam a2200229 4500
003 OTs
005 20260530113922.0
008 260520b |||ao||| |||| 00| 0 spa d
040 _aICI
_bspa
_cICI
_erda
050 _aNK808
_bA78
245 _aArte popular:
_bDel centro-occidente mexicano
264 _aMéxico
_bJudas Cartonería
300 _a13 Páginas
336 _2rdacontent
_atexto
337 _2rdamedia
_asin medio
338 _2rdacarrier
_avolumen
650 _aCartonería mexicana
_934718
650 _aArte popular
_zMéxico
_9882
650 _aJudas (Arte popular mexicano)
_934719
650 _aArtesanías
_zGuanajuato
_934720
942 _2lcc
_n1
_cBK
999 _c12475
_d12475